Структура на старобългарското сложно съчинено изречение (Запис номер 184264)
[ съкратено ]
| 000 -Лидер | |
|---|---|
| Контролно поле с фиксирана дължина | 01544nam a2200313 c 4500 |
| 003 - Код на организацията, давaща контролен номер | |
| Контролно поле | BLK |
| 005 - Дата и час на последна редакция | |
| Контролно поле | 20220616084514.0 |
| 008 - Елементи от данни с фиксирана дължина | |
| fixed length control field | 180411b bul|||||r ||||||| ||bul|| |
| 010 ## - Наследен системен номер | |
| LC control number | KNG00193217000 |
| 040 ## - Източник на каталожния запис | |
| Идентификатор на билиотеката - собственик на записа | BLK |
| 041 ## - Код за език | |
| Код за езика на текст/звукозапис или на отделно заглавие | Български |
| Код за езика КДБФ | Български |
| 080 ## - УДК | |
| Текстов определител УДК | Старобългарски език (ІХ-ХІ в. ). Църковнославянски език (богослужебен ез. на източноправославната църква - руска редакция на старобълг. ез. |
| УДК код - определител по УДК | 811.163.1 |
| УДК - код + определител | 811.163.1 |
| 100 1# - Редна дума - Автор | |
| Автор | Дограмаджиева, Екатерина Петрова |
| Авторска отговорност | първи автор |
| R(LIN) | 363984 |
| 139 ## - Редно поле | |
| Редна дума | Дограмаджиева, Екатерина Петрова |
| Авторски знак | Дог - Д 69 |
| 245 10 - Сведения за заглавието | |
| Заглавие | Структура на старобългарското сложно съчинено изречение |
| Подзаглавни данни | Изследване |
| Редно поле (дума) | Екатерина Петрова Дограмаджиева. |
| 257 ## - Страна на издаване | |
| Страна на създаване/издаване | България |
| 260 ## - Област на издателските данни | |
| Име на издателя, разпространителя и проч. | БАН |
| Година на издаване | 1968 |
| Място на издаване, разпространение и проч. | София |
| 300 ## - Физическа характеристика | |
| Страници | 206 с. |
| Размери/Мащаб | 23 см |
| Съпровождащи материали | Прил. |
| 380 ## - Жанр | |
| Жанр | Езикознание. Филология |
| 500 ## - Общи забележки | |
| Забележка | 500 тир. - Изд. на БАН. Инст. за бълг. ез. - Библиогр. с. 202-204. - Автореферат. - 15 с. |
| 650 #4 - Допълнително описание по предмет – тема | |
| Основно описание – тема или топоним | Старобългарски език - граматика |
| 9 (RLIN) | 259074 |
| 653 ## - Ключова дума – ненормативна | |
| Ключова дума | старобългарски език |
| 653 ## - Ключова дума – ненормативна | |
| Ключова дума | граматика |
| 852 ## - Местоположение | |
| Форматна сигнатура | Цб 46587 |
| Фондова буква | Хранилище |
| 999 ## - СИСТЕМНИ КОНТРОЛНИ НОМЕРА | |
| Koha biblionumber | 184264 |
| Koha biblioitemnumber | 184264 |
| 942 ## - АРТИКУЛИ | |
| Вид на библиотечния материал | Книги |
| Скрит в OPAC | Не |
| Периодичен библиозапис | Да |
| 944 ## - СЪЗДАВАНЕ И РЕДАКЦИЯ на ЗАПИСА | |
| Създаване/Редакция | Създаване |
| Дата на регистрацията/редакция | 2022-06-16 |
| Служител, извършил регистрацията/редакцията | в. т. |
| Код за отписване | Код за изгубен артикул | Източник на класификационната схема | Код за повреда | Коз за рестрикции | Код за отдаване | Артикулен № | Име на библиотеката - собственик | Име на библиотеката, в която се намира в момента | Статус (Текущо местоположение) | Дата на вписване в системата | Местоположение - отдел | Цена в лева | Инвентарен номер | Систематично азбучна сигнатура | Баркод | Номер на екземпляра | Цена в евро | Служебна бележка | Служебен тип на артикула |
|---|---|---|---|---|---|---|---|---|---|---|---|---|---|---|---|---|---|---|---|
| Не е изгубен | Universal Decimal Classification | Не е повреден | без рестрикции | ползва се в читалня | 318357 | Регионална библиотека "Любен Каравелов" Русе | Регионална библиотека "Любен Каравелов" Русе | Хранилище | 1968-01-01 | Хранилище | 0.00 | 11597/68 | Цб 46587 | 900000102010 | 1 | 0.00 | Вид: Сф N: стар фонд Дата: 01.01.1968 | Книги | |
| Изтеглен | Не е изгубен | Universal Decimal Classification | Не е повреден | без рестрикции | заемане за дома | 318358 | Регионална библиотека "Любен Каравелов" Русе | Регионална библиотека "Любен Каравелов" Русе | Заемна - подръчен фонд | 1968-01-01 | Заемна - подръчен фонд | 0.00 | 12130/68 | П 808/Д 69 | 12130/68 | 2 | 0.00 | Вид: Сф N: стар фонд Дата: 01.01.1968 | Книги |